000 00948nam a2200217Ia 4500
999 _c32818
_d32818
003 OSt
005 20210604220408.0
008 160316s2010 xxu||||| |||| 00| 0 eng d
020 _a9780199599004
040 _cn
082 _a341.733000
_bNYS
100 _aNystuen Gro
245 _aThe Convention on Cluster Munitions : A commentary
260 _aOxford
_bOxford University Press
_c2010
300 _a820p
_cxliii
365 _b Rs. 12,393
505 _aTable of contents 1. Introduction ; 2. Preamble ; 3. Article 1 ; 4. Article 2 ; 5. Article 3 ; 6. Article 4 ; 7. Article 5 ; 8. Article 6 ; 9. Article 7 ; 10. Article 8 ; 11. Article 9 ; 12. Articles 10-13 ; 13. Articles 14-20 ; 14. Article 21 ; 15. Article 22-23
650 _a1. Convention On Cluster Munitions - 20082. Cluster Bombs - International Law3. Arms Control - International Cooperation
700 _aCasey-Maslen Stuart
_a
942 _2ddc
_cBK